1357 1949 1311 1030 1818 1216 1186 2000 1565 1370 1737 1225 1113 1640 1617 1414 1321 1582 1908 1855 1794 1570 1950 1738 1426 1020 1593 1574 1024 1841 1498 1615 1619 1452 1809 1251 1378 1583 1391 1843 1429 1981 1109 1729 1769 1776 1826 1086 1588 1971 1844 1999 1043 1550 1903 1251 1256 1354 1786 1500 1652 1821 1666 1921 1445 1650 1113 1511 1230 1591 1453 1465 1072 1074 1902 1413 1850 1030 1141 1769 1843 1875 1067 1112 1445 1430 1545 1607 1713 1476 1255 1167 1122 1620 1149 1849 1808 1948 1108 BCNSPRNW ULIB Ver.6.0+V

เปลี่ยนเป็นภาษาไทย

Change to English
 แสดงรายละเอียดบรรณานุกรม
  กลับหน้าหลัก

Brief Record : Get Marc (ISO 2709) : E-mail record : QR code < ปิดหน้าต่าง
LEADER : 00000nam 2200000uu 4500
001    13399109592
003     ULIB
008    110405s2547||||th 000 0 tha d
020    974925774x
060 04 WB395^bศ315ร 2547
245 00 ธรรมชาติบำบัด :^bศิลปะการเยียวยาร่างกายและจิตใจเพื่อสมดุลของชีวิต /^cศรีสุดา ชมพันธ์, อธิษฐาน์ คงทรัพย์, เพียงพร ลาภคล้อยมา เรียบเรียง
250    พิมพ์ครั้งที่ 1
260    กรุงเทพฯ :^bสวนเงินมีมา,^c2547
300    154 หน้า :^bภาพประกอบ ;^c21 ซม.
440  0 ชุดวิถีชีวิตใหม่
650  7 การดูแลสุขภาพด้วยตนเอง
650  7 การรักษาด้วยธรรมชาติ
650  7 การล้างพิษ
650  7 ธรรมชาติบำบัด
650  7 อาหาร
650  7 อาหารเพื่อสุขภาพ
700 0  ศรีสุดา ชมพันธ์,^eผู้เรียบเรียง
700 0  อธิษฐาน์ คงทรัพย์,^eผู้เรียบเรียง
700 0  เพียงพร ลาภคล้อยมา,^eผู้เรียบเรียง
945    ^p160^l0^i017048
995    ทศพร
999 ^a ใช้งานได้ทุกระบบ
รายการนี้ยังไม่มีแท็ก
คุณยังไม่ได้ล็อกอิน คุณสามารถมีกิจกรรมร่วมกับเว็บไซต์ได้ แต่ต้องล็อกอินก่อน ::
  ล็อกอิน

รายการสื่อสารสนเทศ

ลำดับที่ ประเภท เลขเรียก/บาร์โค้ด สถานที่ สถานะ
- ไม่พบข้อมูล -

รายการใกล้เคียง
    หัวเรื่อง [การดูแลสุขภาพด้วยตนเอง]
    หัวเรื่อง [การรักษาด้วยธรรมชาติ]
    หัวเรื่อง [การล้างพิษ]
    หัวเรื่อง [ธรรมชาติบำบัด]
    หัวเรื่อง [อาหาร]
    หัวเรื่อง [อาหารเพื่อสุขภาพ]

BibComment


ยังไม่เคยถูกคอมเมนท์

คอมเมนท์ทรัพยากรรายการนี้
  คอมเมนท์: ธรรมชาติบำบัด ศิ..


 Copyright 2026. Bcnsprnw @Library